000 00641nam a22001937a 4500
003 OSt
005 20220922145600.0
008 220922b |||||||| |||| 00| 0 eng d
040 _cBiblioteca Lado V
082 _a708.174.71
_bM989g
110 _99
_aThe Museum of Modern Art
245 _aGreater New York/
260 _aNew York
_bContemporary Art Center
_c2000
300 _a39p.
_c30x23cm
650 _2Tesauro de Arte & Arquitectura
_aARTE CONTEMPORANEO
650 _2Tesauro de Arte & Arquitectura
_aEXHIBICION
650 _2Tesauro de Arte & Arquitectura
_aNEW YORK
942 _2ddc
_c1
_h708.174.71
_iM986g
_n0
999 _c2104
_d2104